Memorias del III Encuentro Nacional de Archivos / (Registro nro. 13870)

Detalles MARC
000 -LEADER
fixed length control field 01231nam a2200253 a 4500
001 - CONTROL NUMBER
control field
003 - CONTROL NUMBER IDENTIFIER
control field DO-SdBNP
005 - DATE AND TIME OF LATEST TRANSACTION
control field 20211112075824.0
008 - FIXED-LENGTH DATA ELEMENTS--GENERAL INFORMATION
fixed length control field 140327s2014 dr ac 000 0 spa d
020 ## - INTERNATIONAL STANDARD BOOK NUMBER
International Standard Book Number 9789945586060
040 ## - CATALOGING SOURCE
Original cataloging agency DO-SdBNP
Language of cataloging spa
Transcribing agency BPMSU
082 ## - DEWEY DECIMAL CLASSIFICATION NUMBER
Classification number 027.5
Item number M533t 2014
Edition number 22
111 2# - MAIN ENTRY--MEETING NAME
Meeting name or jurisdiction name as entry element Encuentro Nacional de Archivos
Number of part/section/meeting (3:
Date of meeting 2010 : 11-13 nov.
Location of meeting Santo Domingo )
245 10 - TITLE STATEMENT
Title Memorias del III Encuentro Nacional de Archivos /
Statement of responsibility, etc. edición al cuidado de Raymundo Gónzalez, ... [et al].
260 ## - PUBLICATION, DISTRIBUTION, ETC. (IMPRINT)
Place of publication, distribution, etc. Santo Domingo :
Name of publisher, distributor, etc. Archivo General de la Nación,
Date of publication, distribution, etc. 2014.
300 ## - PHYSICAL DESCRIPTION
Extent 295 p. :
Other physical details il. ;
Dimensions 28 cm.
490 0# - SERIES STATEMENT
Series statement Archivo General de la Nación
Volume/sequential designation 212
505 0# - FORMATTED CONTENTS NOTE
Miscellaneous information Presentación --
-- Inauguración.
-- Discurso de apertura /
Statement of responsibility Doctor Roberto Cassá --
Miscellaneous information Reconocimiento a Miguel Cocco un memoriam --
Title Los sistemas de archivos: aspectos teóricos y normativos --
-- Los sistemas y sus ámbitos de aplicación --
-- El sistema institucional de archivos: gestión documental en el entorno digital --
Miscellaneous information Anexos.
590 ## - LOCAL NOTE (RLIN)
Local note Inventariado,2021/VM
650 #4 - SUBJECT ADDED ENTRY--TOPICAL TERM
Topical term or geographic name as entry element Archivos
Geographic subdivision República Dominicana
General subdivision Congresos, conferencias, etc
710 2# - ADDED ENTRY--CORPORATE NAME
Corporate name or jurisdiction name as entry element Archivo General de la Nación (República Dominicana)
910 ## - USER-OPTION DATA (OCLC)
User-option data VMateo V.
942 ## - ADDED ENTRY ELEMENTS (KOHA)
Source of classification or shelving scheme Dewey Decimal Classification
Koha item type Libros
Existencias
Withdrawn status Lost status Source of classification or shelving scheme Damaged status Not for loan Collection code Home library Current library Date acquired Source of acquisition Full call number Barcode Date last seen Price effective from Koha item type
    Dewey Decimal Classification     Colección Dominicana Biblioteca Pública Metropolitana Salomé Ureña Biblioteca Pública Metropolitana Salomé Ureña 11/12/2021 Fundacón Juan Bosch BPMSU CD 027.5 M533t 2014 BPMSU21110083 11/12/2021 11/12/2021 Libros